000 00396nam a2200157Ia 4500
008 230524s9999 xx 000 0 und d
082 _a406
_bBHA
100 _aRenu Bhambri
_924010
245 0 _aNeelam English (XII Core)
250 _a1ST
260 _aNEW DELHI
_bNeelam Publishers
_c2000
300 _aVI;316
500 _aQuantity Number: 1
650 _aMiscellaneous
_91877
942 _cBK
999 _c35558
_d35558